La España imperial : 1469-1716 /

El objetivo del autor es narrar la historia de la España de los Austrias.

Uloženo v:
Podrobná bibliografie
Hlavní autor: Elliot, J.H (autor)
Médium: Kniha
Jazyk:španělština
Vydáno: Barcelona, España : Vicens-Vives, 1965, c1965
Témata:
Tagy: Přidat tag
Žádné tagy, Buďte první, kdo vytvoří štítek k tomuto záznamu!

MARC

LEADER 00000nam^a2200000^a^4500
001 000127255
005 20250521000000.0
009 20260526123418.297
037 |a Acervo ITESO - Biblioteca 
041 |a ESP 
082 |a 946.  |b ELL 
100 |a Elliot, J.H  |e (autor) 
245 1 3 |a La España imperial :  |b 1469-1716 /  |c J.H. Elliot ; tr. por J. Marfany. 
264 4 |a Barcelona, España :  |b Vicens-Vives,  |c 1965, c1965 
300 |a 454 p. 
336 |a texto  |b txt  |2 rdacontenido 
337 |a sin mediación  |b n  |2 rdamedio 
338 |a volumen  |b nc  |2 rdasoporte 
520 |a El objetivo del autor es narrar la historia de la España de los Austrias. 
649 |a XX 
650 |a España -  |x Historia -  |y Fernando e Isabel, 1479-1516 
650 |a España -  |x Historia -  |y Casa de Austria, 1516-1700 
650 |a España -  |x Historia -  |y Borbones, 1700-1931 
910 |a Fondo Salvador Reynoso Reynoso 
920 |a Impresos - Libros 
930 |a Fondos Especiales 
905 |a 112 
901 |a 0800008869  |b IT2  |c ESP  |u 20250521 
902 |a https://opac.biblio.iteso.mx/vufind/Record/000127255